Atlas histórico mundial
Պահպանված է:
| Հիմնական հեղինակներ: | , |
|---|---|
| Ձևաչափ: | Գիրք |
| Լեզու: | իսպաներեն |
| Հրապարակվել է: |
Madrid
ISTMO
1992
|
| Հրատարակություն: | 16a. ed |
| Շարք: | Colección fundamentos, 1-2
|
| Խորագրեր: | |
| Ցուցիչներ: |
Ավելացրեք ցուցիչ
Չկան պիտակներ, Եղեք առաջինը, ով նշում է այս գրառումը!
|
MARC
| LEADER | 00000nam a2200000 a 4500 | ||
|---|---|---|---|
| 001 | UCY3044 | ||
| 003 | CL-VaPUC | ||
| 008 | 941206e19920000SP |||||||||||||||||spa|d | ||
| 082 | 0 | 4 | |a 911 |b KIN |2 21 |
| 100 | |a Kinder, Hermann |e author |9 574636 | ||
| 700 | 0 | |a Hilgemann, Werner |e author |9 331239 | |
| 245 | 1 | 0 | |a Atlas histórico mundial |
| 250 | |a 16a. ed | ||
| 300 | |a v | ||
| 942 | |c BK | ||
| 945 | |d 19941206 00:00:00 |a mfernand | ||
| 260 | |a Madrid |b ISTMO |c 1992 | ||
| 500 | |a v.1: De los orígenes a la Revoluvión Francesa | ||
| 500 | |a v.2: De la Revolución Francesa a nuestros dias | ||
| 650 | 0 | |a Geografía histórica |9 267532 | |
| 650 | 0 | |a Mapas |9 260844 | |
| 583 | |a last modification |c 19941206 00:00:00 |k Rodrigo Vera | ||
| 490 | 0 | |a Colección fundamentos, 1-2 | |
| 999 | |c 231287 |d 231285 | ||
| 952 | |0 0 |1 0 |4 0 |6 911_000000000000000_KIN_1992 |7 0 |8 F |9 234347 |a BIBEDU |b BIBEDU |d 2019-11-15 |h v.1 |i 3041638 |o 911 KIN 1992 |p 3041638 |r 2023-01-12 |w 2019-11-15 |y BK_F |k MUS | ||
| 952 | |0 0 |1 0 |4 0 |6 911_000000000000000_KIN_1992 |7 0 |8 F |9 234348 |a BIBEDU |b BIBEDU |d 2019-11-15 |h v.2 |i 3041654 |o 911 KIN 1992 |p 3041654 |r 2023-01-12 |w 2019-11-15 |y BK_F |k MUS | ||
| 952 | |0 0 |1 0 |4 0 |6 911_000000000000000_KIN_1992 |7 0 |8 F |9 234349 |a BIBEDU |b BIBEDU |d 2019-11-15 |h v.1 |i 3041646 |o 911 KIN 1992 |p 3041646 |r 2023-01-12 |w 2019-11-15 |y BK_F |k MUS | ||
| 952 | |0 0 |1 0 |4 0 |6 911_000000000000000_KIN_1992 |7 0 |8 F |9 234350 |a BIBEDU |b BIBEDU |d 2019-11-15 |h v.2 |i 3041662 |o 911 KIN 1992 |p 3041662 |r 2023-01-12 |w 2019-11-15 |y BK_F |k MUS | ||